U.S. States by Their Latin Names - Statistics

General Stats
  • This quiz has been taken 23 times
  • The average score is 27 of 30
Answer Stats
Latin Name English Name % Correct
Coloratum Colorado
100%
Illinoesia Illinois
100%
Rhodensis Insula Rhode Island
100%
Alasca Alaska
95%
Arcansia Arkansas
95%
Connecticuta Connecticut
95%
Delavaria Delaware
95%
Idahum Idaho
95%
Iova Iowa
95%
Kansia Kansas
95%
Kentukia Kentucky
95%
Massachusetta Massachusetts
95%
Missuria Missouri
95%
Nivata Nevada
95%
Novum Mexicum New Mexico
95%
Ohium Ohio
95%
Tennesia Tennessee
95%
Texia Texas
95%
Visconsinia Wisconsin
95%
Vyomina Wyoming
95%
Ludoviciana Louisiana
90%
Nova Hantonia New Hampshire
90%
Carolina Meridiana South Carolina
90%
Nova Caesarea New Jersey
86%
Novum Eboracum New York
86%
Dacota Septentrionalis North Dakota
86%
Vasintonia Washington
81%
Terra Mariae Maryland
62%
Mons Viridis Vermont
52%
Cenomannica Maine
19%
No matching quizzes found
Score Distribution
Percent of People with Each Score
Percentile by Number Answered
Your Score History
You have not taken this quiz